00685cam a22002053a 450000100060000000300060000600500170001200800410002904000150007004200070008505000070009210000270009924501860012626000290031250600300034151600200037165300170039183000290040885600420043712926PGUSA20140828083259.0040717s2004||||xxu|||||s|||||000 | eng d aPGUSAbeng adc 4aGV1 aMacIlwaine, Herbert C.14aThe Morris Book, Part 1 :bA History of Morris Dancing, With a Description of Eleven Dances as Performed by the Morris-Men of Englandh[electronic resource] /cHerbert C. MacIlwaine bProject Gutenberg,c2004 aPublic domain in the USA. aElectronic text aMorris dance 0aProject Gutenbergv1292640uhttp://www.gutenberg.org/ebooks/12926